Онкопедиатрия, 2014, том 1, № 4 научно-практический журнал Российского общества детских онкологов
Guardado en:
| Formato: | Журнал |
|---|---|
| Acceso en línea: | https://znanium.com/catalog/document?id=342510 https://znanium.com/cover/1033/1033845.jpg |
| Etiquetas: |
Agregar Etiqueta
Sin Etiquetas, Sea el primero en etiquetar este registro!
|
| LEADER | 01150nam0a2200241 i 4500 | ||
|---|---|---|---|
| 001 | RU\infra-m\znanium\bibl\1033845 | ||
| 003 | https://znanium.com/catalog/document?id=342510 | ||
| 005 | 20210119000000.0 | ||
| 100 | |a 20210119d2019 m y0rusy0150 ca | ||
| 101 | 0 | |a rus | |
| 102 | |a RU | ||
| 200 | 1 | |a Онкопедиатрия, 2014, том 1, № 4 |e научно-практический журнал Российского общества детских онкологов |e Журнал | |
| 210 | 1 | |a Москва |c Педиатръ |d 2014 | |
| 215 | |a 87 с. | ||
| 333 | |a ВО - Магистратура | ||
| 606 | |a Медицина. Фармакология |x Онкология |2 local | ||
| 608 | |a Журнал |2 local | ||
| 675 | |a 6160 |z rus | ||
| 686 | |a 556 |2 rubbk | ||
| 686 | |a 573 |2 rubbk | ||
| 801 | 0 | |a RU |b Общество с ограниченной ответственностью «ЗНАНИУМ» |c 20190516 |2 rusmarc | |
| 856 | 4 | |a znanium.com |m ebs_support@infra-m.ru |n НИЦ ИНФРА-М |u https://znanium.com/catalog/document?id=342510 | |
| 856 | 4 | 1 | |a znanium.com |d /cover/1033 |f 1033845.jpg |q image/jpeg |u https://znanium.com/cover/1033/1033845.jpg |